| 000 | 00572cam a2200217ua 4500 | ||
|---|---|---|---|
| 005 | 20220922132518.0 | ||
| 008 | 150205n ii |||gr||||Z||||||asm | ||
| 020 | _a9788191098372 | ||
| 040 |
_cMAIN _aIN-DiNC |
||
| 041 | _dasm | ||
| 082 |
_a301 _bBOR |
||
| 100 |
_aBorgohain, Himanta., _eauthor |
||
| 245 | 1 |
_aSamajtattwa parichay/ _cBy Himanta Borgohain |
|
| 250 | _a1st. | ||
| 260 |
_aJorhat: _bBidybhawan, _c2011. |
||
| 300 | _a299p. | ||
| 650 | _aIntroduction to sociology | ||
| 653 | _aSociology & anthropology | ||
| 700 |
_aDutta, S., _eauthor |
||
| 942 |
_cBK _2ddc |
||
| 999 |
_c7618 _d7618 |
||